[Event "IIFL Wealth  4th Mumbai Junior U-13"]
[Site "Mumbai"]
[Date "2019.01.03"]
[Round "5"]
[White "Ratnapriya K"]
[Black "Zia, Tahsin Tajwar"]
[Result "0-1"]
[WhiteElo "1516"]
[BlackElo "1925"]
[Annotator "NA RC"]
[PlyCount "116"]
[EventDate "2018.12.30"]
[EventType "swiss"]
[EventCountry "IND"]
[SourceTitle "playchess.com"]
[Source "ChessBase"]
[SourceQuality "1"]
[TimeControl "40/5400+30:1800+30"]

1. e4 {[%emt 0:00:00]} c5 {[%emt 0:00:00]} 2. Nf3 {[%emt 0:00:00]} d6 {[%emt 0:00:00]} 3. d4 {[%emt 0:00:05]} cxd4 {[%emt 0:00:00]} 4. Nxd4 {[%emt 0:00:16]} Nf6 {[%emt 0:00:02]} 5. Nc3 {[%emt 0:00:16]} Nc6 {[%emt 0:00:08]} 6. Bg5 {[%emt 0:00:25]} e6 {[%emt 0:00:06]} 7. Qd2 {[%emt 0:00:12]} a6 {[%emt 0:00:07]} 8. O-O-O {[%emt 0:00:13]} Bd7 {[%emt 0:00:12]} 9. f4 {[%emt 0:01:01]} Be7 {[%emt 0:00:32]} 10. Qe1 {[%emt 0:01:37] LiveBook: 6 Games B68: Sicilian: Richter-Rauzer: 7...a6 8 0-0-0 Bd7 9 f4 Be7} (10. Nb3 $14) (10. Nf3 b5 11. Bd3 b4 12. Ne2 Qc7 13. h4 a5 14. h5 h6 15. Bxf6 gxf6 16. Kb1 Rb8 17. f5 e5 18. Nh2 a4 19. Ng4 Na5 20. b3 {1-0 (56) Shirov,A (2636)-Le,Q (2715) Douglas 2018}) 10... Qc7 {[%emt 0:02:54]} 11. Kb1 {[%emt 0:02:09]} b5 {[%emt 0:00:45]} 12. Nxc6 {[%emt 0:06:39]} Bxc6 {[%emt 0:03:18]} 13. Bxf6 {[%emt 0:04:51]} gxf6 {[%emt 0:01:40]} 14. Bd3 {[%emt 0:02:02]} Qb7 {[%emt 0:07:03]} 15. Qe3 {[%emt 0:01:18]} O-O-O $146 {[%emt 0:02:43]} ({Predecessor:} 15... b4 16. Ne2 d5 {1-0 (36) Videki,S (2405)-Varga,P (2330) Sarospatak 1994}) 16. Rhe1 {[%emt 0:02:57]} Kb8 {[%emt 0:09:18]} 17. Ne2 {[%emt 0:02:28]} d5 {[%emt 0:08:07]} 18. Nd4 {[%emt 0:02:04]} Bc5 {[%emt 0:06:15]} 19. Nxc6+ {[%emt 0:02:02]} Qxc6 {[%emt 0:00:02]} 20. Qf3 {[%emt 0:00:58]} d4 {[%emt 0:16:11]} 21. e5 {[%emt 0:01:55]} Qxf3 {[%emt 0:02:28]} 22. gxf3 {[%emt 0:00:13]} f5 {[%emt 0:00:58]} 23. Rg1 {[%emt 0:02:53]} Rhg8 {[%emt 0:03:37]} 24. Rg5 {[%emt 0:02:03]} Rg6 {[%emt 0:10:52]} 25. Rdg1 {[%emt 0:11:58]} Be7 {[%emt 0:04:25]} 26. R5g3 {[%emt 0:05:01]} Bh4 {[%emt 0:06:34]} 27. Rxg6 {[%emt 0:04:19]} hxg6 {[%emt 0:00:18]} 28. Rg2 {[%emt 0:00:56]} Kb7 {[%emt 0:00:24]} 29. Kc1 {[%emt 0:02:02]} Be7 {[%emt 0:01:25]} 30. Kd2 {[%emt 0:00:52]} Bf8 {[%emt 0:02:00]} 31. Ke1 {[%emt 0:03:37]} Bh6 {[%emt 0:00:20]} 32. Re2 {[%emt 0:00:22]} Bxf4 {[%emt 0:00:12]} 33. Kf1 {[%emt 0:00:17]} Rd5 {[%emt 0:01:09]} 34. h3 {[%emt 0:01:55]} Bxe5 {[%emt 0:00:54]} 35. Kg2 {[%emt 0:00:17]} Bf4 {[%emt 0:00:47]} 36. h4 {[%emt 0:00:26]} Rd8 {[%emt 0:00:36]} 37. Re1 {[%emt 0:01:39]} Rh8 {[%emt 0:00:35]} 38. Rh1 {[%emt 0:00:28]} Kb6 {[%emt 0:00:21]} 39. b4 {[%emt 0:00:42]} Bd6 {[%emt 0:00:56]} 40. a3 {[%emt 0:00:00]} Kc6 {[%emt 0:00:00]} 41. Be2 {[%emt 0:01:42]} Kd5 {[%emt 0:02:32]} 42. f4 {[%emt 0:00:13]} Bxf4 {[%emt 0:01:42]} 43. Bf3+ {[%emt 0:00:10]} Kd6 {[%emt 0:01:12]} 44. Bb7 {[%emt 0:00:35]} Rb8 $19 {[%emt 0:01:16]} 45. Bxa6 {[%emt 0:00:54]} Rb6 {[%emt 0:00:12]} 46. Bxb5 {[%emt 0:00:12]} Rxb5 {[%emt 0:00:02]} 47. Rb1 {[%emt 0:00:20]} Bd2 {[%emt 0:00:16]} 48. Kf2 {[%emt 0:00:13]} e5 {[%emt 0:00:17]} 49. Ke2 {[%emt 0:00:10]} Bc3 {[%emt 0:00:10]} 50. Kd3 {[%emt 0:00:11]} Kd5 {[%emt 0:00:28]} 51. Rb3 {[%emt 0:00:22]} e4+ {[%emt 0:00:07]} 52. Ke2 {[%emt 0:00:08]} f4 {[%emt 0:00:05]} 53. Kf2 {[%emt 0:00:31]} f3 {[%emt 0:00:24]} 54. Rxc3 {[%emt 0:00:13]} dxc3 {[%emt 0:00:03]} 55. Ke3 {[%emt 0:00:20]} f5 {[%emt 0:00:09]} 56. h5 {[%emt 0:00:30]} f4+ {[%emt 0:00:16]} 57. Kxf4 {[%emt 0:00:11]} f2 {[%emt 0:00:07]} 58. Kg5 {[%emt 0:00:12]} f1=Q {[%emt 0:00:10]} 0-1

[Event "IIFL Wealth  4th Mumbai Junior U-13"]
[Site "Mumbai"]
[Date "2019.01.03"]
[Round "5"]
[White "Marium Fatima"]
[Black "Krishnan Ritvik"]
[Result "0-1"]
[WhiteElo "1494"]
[BlackElo "1812"]
[Annotator "NA RC"]
[PlyCount "96"]
[EventDate "2018.12.30"]
[EventType "swiss"]
[EventCountry "IND"]
[SourceTitle "playchess.com"]
[Source "ChessBase"]
[SourceQuality "1"]
[TimeControl "40/5400+30:1800+30"]

1. d4 {[%emt 0:00:00]} Nf6 {[%emt 0:00:00]} 2. Nf3 {[%emt 0:00:00]} g6 {[%emt 0:00:00]} 3. g3 {[%emt 0:00:00]} Bg7 {[%emt 0:00:00]} 4. Bg2 {[%emt 0:00:02]} O-O {[%emt 0:00:00]} 5. O-O {[%emt 0:00:11]} d6 {[%emt 0:00:00]} 6. b3 {[%emt 0:00:12]} e5 {[%emt 0:02:05]} 7. dxe5 {[%emt 0:02:25]} dxe5 {[%emt 0:00:30]} 8. Bb2 {[%emt 0:00:15] LiveBook: 23 Games} e4 {[%emt 0:01:42] A49: 1 d4 Nf6 2 Nf3 g6 3 g3: Anti-King's Indian systems} 9. Nfd2 {[%emt 0:03:20]} (9. Qxd8 Rxd8 10. Ng5 Re8 11. Nc3 h6 12. Nh3 g5 13. Rfd1 Na6 14. Nb5 Bf5 15. Nd4 Bg6 16. e3 c6 17. Rd2 Rad8 18. Rad1 Bh5 19. f3 exf3 20. Nxf3 Rxd2 21. Rxd2 Ne4 22. Bxg7 {0-1 (22) Kovalev,V (2639)-Onischuk,V (2637) Riadh 2017}) 9... Re8 $146 {[%emt 0:01:05]} ({Predecessor:} 9... e3 10. fxe3 Ng4 11. Bxg7 Nxe3 12. Bf6 Qxf6 13. Rxf6 Nxd1 14. Nc4 Re8 15. Bd5 c6 16. Bxf7+ {0-1 (29) Blechzin,I-Fedorov,V Leningrad (Russia) 1972}) 10. Nc4 {[%emt 0:02:07]} b6 {[%emt 0:08:15]} 11. Qxd8 {[%emt 0:04:43]} Rxd8 {[%emt 0:00:02]} 12. Bxf6 {[%emt 0:00:34]} Bxf6 {[%emt 0:00:20]} 13. Bxe4 {[%emt 0:00:34]} Bxa1 {[%emt 0:01:27]} 14. Bxa8 {[%emt 0:00:22]} c6 {[%emt 0:01:47]} 15. Ne3 {[%emt 0:14:30]} Bd4 {[%emt 0:03:00]} 16. Rd1 {[%emt 0:01:05]} Rd7 {[%emt 0:00:13]} 17. Rd3 {[%emt 0:06:08]} Bxe3 {[%emt 0:05:22]} 18. fxe3 {[%emt 0:00:10]} Kg7 {[%emt 0:01:03]} 19. Nd2 {[%emt 0:04:07]} Kf6 {[%emt 0:02:18]} 20. b4 {[%emt 0:04:09]} Ke7 {[%emt 0:02:41]} 21. a4 {[%emt 0:03:36]} a6 {[%emt 0:02:03]} 22. Rxd7+ {[%emt 0:00:23]} Kxd7 {[%emt 0:01:13]} 23. c4 {[%emt 0:00:06]} Kc7 {[%emt 0:01:19]} 24. b5 {[%emt 0:00:08]} Bd7 {[%emt 0:00:12]} 25. bxc6 {[%emt 0:00:26]} Nxc6 {[%emt 0:00:27]} 26. Nf3 {[%emt 0:03:35]} Na5 {[%emt 0:00:24]} 27. Bd5 {[%emt 0:00:18]} f6 {[%emt 0:00:22]} 28. Nd4 {[%emt 0:05:33]} Kd6 {[%emt 0:00:45]} 29. Bg8 {[%emt 0:02:18]} h6 {[%emt 0:00:38]} 30. Bf7 {[%emt 0:00:31]} g5 {[%emt 0:00:15]} 31. Kf2 {[%emt 0:01:24]} Kc5 {[%emt 0:01:01]} 32. h4 {[%emt 0:00:43]} Nxc4 $19 {[%emt 0:00:45]} 33. h5 {[%emt 0:03:23]} Ne5 {[%emt 0:01:12]} 34. Bg6 {[%emt 0:02:54]} Kb4 {[%emt 0:00:42]} 35. e4 Kxa4 {[%emt 0:00:59]} 36. Nf3 {[%emt 0:04:08]} Kb4 {[%emt 0:02:34]} 37. Ke3 {[%emt 0:00:14]} Kc3 {[%emt 0:00:19]} 38. Ne1 {[%emt 0:01:32]} a5 {[%emt 0:00:52]} 39. Nd3 {[%emt 0:00:55]} a4 {[%emt 0:00:09]} 40. Bf5 {[%emt 0:00:00]} Bc6 {[%emt 0:00:00]} 41. Be6 {[%emt 0:03:46]} a3 {[%emt 0:00:17]} 42. Nc1 {[%emt 0:00:57]} Bb5 {[%emt 0:00:18]} 43. Na2+ {[%emt 0:00:33]} Kb2 {[%emt 0:00:03]} 44. Nb4 {[%emt 0:01:49]} Bc4 {[%emt 0:00:09]} 45. Bxc4 {[%emt 0:01:24]} Nxc4+ {[%emt 0:00:08]} 46. Kd3 {[%emt 0:00:08]} Kb3 {[%emt 0:00:05]} 47. Nc2 {[%emt 0:00:36]} Ne5+ {[%emt 0:00:32]} 48. Kd2 {[%emt 0:00:17]} Kb2 {[%emt 0:00:13]} 0-1

[Event "IIFL Wealth  4th Mumbai Junior U-13"]
[Site "Mumbai"]
[Date "2019.01.03"]
[Round "5"]
[White "Aditya Ramanathan"]
[Black "Kinkhabwala Hrithik"]
[Result "1-0"]
[WhiteElo "1493"]
[BlackElo "1244"]
[Annotator "NA RC"]
[PlyCount "107"]
[EventDate "2018.12.30"]
[EventType "swiss"]
[EventCountry "IND"]
[SourceTitle "playchess.com"]
[Source "ChessBase"]
[SourceQuality "1"]
[TimeControl "40/5400+30:1800+30"]

1. e4 {[%emt 0:00:00]} e5 {[%emt 0:00:00]} 2. Nf3 {[%emt 0:00:00]} Nc6 {[%emt 0:00:00]} 3. d4 {[%emt 0:00:00]} exd4 {[%emt 0:00:00]} 4. Bc4 {[%emt 0:00:00]} Nf6 {[%emt 0:00:00]} 5. e5 {[%emt 0:00:04]} d5 {[%emt 0:00:00]} 6. Bb5 {[%emt 0:00:07]} Ne4 {[%emt 0:00:00]} 7. Nxd4 {[%emt 0:00:13]} Bc5 {[%emt 0:00:00]} 8. Be3 {[%emt 0:00:09]} Bd7 {[%emt 0:08:45]} 9. Bxc6 {[%emt 0:00:44]} bxc6 {[%emt 0:06:22]} 10. O-O {[%emt 0:00:48]} Qe7 {[%emt 0:02:26]} 11. f3 {[%emt 0:00:30]} Nd6 {[%emt 0:00:54]} 12. f4 {[%emt 0:19:30]} Nc4 {[%emt 0:05:27]} 13. Qc1 {[%emt 0:04:39]} Nxe3 {[%emt 0:04:49]} 14. Qxe3 {[%emt 0:00:12]} Bb6 {[%emt 0:03:07]} 15. Nd2 {[%emt 0:05:10]} Qb4 {[%emt 0:03:40]} 16. N2b3 {[%emt 0:05:47]} O-O {[%emt 0:07:14]} 17. c3 {[%emt 0:02:06]} Qe7 {[%emt 0:00:38]} 18. Rae1 {[%emt 0:05:22]} c5 {[%emt 0:03:41]} 19. Nc2 {[%emt 0:04:22]} Bf5 {[%emt 0:06:16]} 20. Qd2 {[%emt 0:00:26]} Be4 {[%emt 0:07:19]} 21. Kh1 {[%emt 0:01:18]} Rad8 {[%emt 0:02:57]} 22. Ne3 {[%emt 0:04:05]} f6 {[%emt 0:02:12]} 23. exf6 {[%emt 0:01:19]} Qxf6 {[%emt 0:09:14]} 24. Ng4 {[%emt 0:00:48]} Qh4 {[%emt 0:02:01]} 25. Ne5 {[%emt 0:02:25]} Rd6 {[%emt 0:02:46]} 26. Qf2 {[%emt 0:04:17]} Rh6 {[%emt 0:01:18]} 27. Qxh4 {[%emt 0:00:53]} Rxh4 {[%emt 0:00:01]} 28. Nd7 {[%emt 0:00:53]} Rfxf4 {[%emt 0:09:07]} 29. Nbxc5 {[%emt 0:01:52]} Bxc5 {[%emt 0:03:47]} 30. Nxc5 {[%emt 0:00:36]} Rhg4 {[%emt 0:00:44]} 31. Rxf4 {[%emt 0:01:27]} Rxf4 {[%emt 0:00:22]} 32. Nxe4 {[%emt 0:00:23]} Rxe4 {[%emt 0:02:45]} 33. Rxe4 {[%emt 0:00:09]} dxe4 {[%emt 0:00:02]} 34. Kg1 {[%emt 0:00:11]} Kf7 {[%emt 0:00:04]} 35. Kf2 {[%emt 0:00:08]} Ke6 {[%emt 0:00:09]} 36. Ke3 {[%emt 0:00:06]} Ke5 {[%emt 0:00:04]} 37. b3 {[%emt 0:04:49]} c6 {[%emt 0:03:24]} 38. a3 {[%emt 0:05:09]} h6 {[%emt 0:02:54]} 39. c4 {[%emt 0:01:46]} g6 {[%emt 0:01:38]} 40. b4 c5 {[%emt 0:00:00]} 41. b5 {[%emt 0:02:24]} g5 {[%emt 0:03:38]} 42. a4 {[%emt 0:00:22]} h5 {[%emt 0:01:04]} 43. a5 {[%emt 0:00:25]} h4 {[%emt 0:02:24]} 44. a6 {[%emt 0:00:23]} Kd6 {[%emt 0:00:30]} 45. b6 {[%emt 0:00:28]} axb6 {[%emt 0:00:35]} 46. a7 {[%emt 0:00:06]} b5 {[%emt 0:00:24]} 47. cxb5 {[%emt 0:00:08]} c4 {[%emt 0:00:16]} 48. a8=Q {[%emt 0:00:08]} Kc5 {[%emt 0:00:13]} 49. Qc6+ {[%emt 0:00:09]} Kb4 {[%emt 0:00:14]} 50. b6 {[%emt 0:00:16]} c3 {[%emt 0:00:12]} 51. b7 {[%emt 0:00:06]} Kb3 {[%emt 0:00:07]} 52. b8=Q+ {[%emt 0:00:13]} Kc2 {[%emt 0:00:08]} 53. Qxe4+ {[%emt 0:00:08]} Kd1 {[%emt 0:00:28]} 54. Qbb1# {[%emt 0:00:10]} 1-0

[Event "IIFL Wealth  4th Mumbai Junior U-13"]
[Site "Mumbai"]
[Date "2019.01.03"]
[Round "5"]
[White "Shravan Swaminathan"]
[Black "Aditya Varun Gampa"]
[Result "1-0"]
[WhiteElo "1488"]
[BlackElo "1809"]
[Annotator "NA"]
[PlyCount "81"]
[EventDate "2018.12.30"]
[EventType "swiss"]
[EventCountry "IND"]
[SourceTitle "playchess.com"]
[Source "ChessBase"]
[SourceQuality "1"]
[TimeControl "40/5400+30:1800+30"]

1. d4 {[%emt 0:00:00]} Nf6 {[%emt 0:02:05]} 2. Nf3 {[%emt 0:00:00]} d5 {[%emt 0:00:10]} 3. Bf4 {[%emt 0:00:00]} e6 {[%emt 0:00:19]} 4. e3 {[%emt 0:00:19]} c5 {[%emt 0:00:59]} 5. c3 {[%emt 0:01:06]} Nc6 {[%emt 0:00:54]} 6. Nbd2 {[%emt 0:04:17]} Bd6 {[%emt 0:02:32]} 7. Bg3 {[%emt 0:03:25]} O-O {[%emt 0:00:14]} 8. Bd3 {[%emt 0:00:25]} b6 {[%emt 0:01:46]} 9. Ne5 {[%emt 0:01:45]} Bb7 {[%emt 0:00:57]} 10. f4 {[%emt 0:09:38] D02: 1 d4 d5 2 Nf3 sidelines, including 2...Nf6 3 g3 and 2...Nf6 3 Bf4} (10. O-O Qc7 11. f4 Ne7 12. Qb1 Qc8 13. Bh4 Nf5 14. Bxf5 exf5 15. Bxf6 gxf6 16. Nef3 Qe6 17. Re1 Ba6 18. Nh4 cxd4 19. exd4 {1-0 (28) Korobov,A (2692)-Dominguez Perez,L (2739) Doha 2016}) 10... Ne7 {[%emt 0:00:43] LiveBook: 96 Games} 11. O-O {[%emt 0:28:52]} Ne4 {[%emt 0:03:21]} 12. Bh4 {[%emt 0:06:01]} f6 {[%emt 0:03:12]} 13. Nef3 {[%emt 0:05:05]} Nf5 {[%emt 0:01:35]} 14. Bf2 {[%emt 0:00:39]} Nxf2 $146 {[%emt 0:04:12]} ({Predecessor:} 14... Be7 15. Bc2 Nfd6 16. Nxe4 Nxe4 17. Nd2 f5 18. Nxe4 fxe4 {0-1 (35) Bai,C (1532)-Liu,M Shijiazhuang 2016}) 15. Kxf2 {[%emt 0:00:12]} c4 {[%emt 0:01:58]} 16. Bc2 {[%emt 0:08:31]} b5 {[%emt 0:03:30]} 17. g4 {[%emt 0:04:42]} Ne7 {[%emt 0:01:54]} ({Better is} 17... Nh6 $17 18. h3 g6) 18. Qb1 {[%emt 0:01:48]} f5 {[%emt 0:02:09]} 19. Rg1 {[%emt 0:01:02]} b4 {[%emt 0:04:50]} 20. gxf5 {[%emt 0:09:35]} Nxf5 {[%emt 0:00:18]} 21. Qf1 {[%emt 0:05:41]} bxc3 {[%emt 0:03:11]} 22. bxc3 {[%emt 0:01:30]} Qf6 {[%emt 0:02:38]} 23. Qh3 {[%emt 0:01:58]} h6 {[%emt 0:01:25]} 24. Rg4 {[%emt 0:02:09]} Kh8 {[%emt 0:10:52]} 25. Rag1 $18 {[%emt 0:01:26]} Rf7 {[%emt 0:02:02]} 26. Rg6 {[%emt 0:00:40]} Qe7 {[%emt 0:01:12]} 27. Ng5 {[%emt 0:00:51]} Rf6 {[%emt 0:00:20]} 28. Nxe6 {[%emt 0:00:49]} Qxe6 {[%emt 0:01:46]} 29. Bxf5 {[%emt 0:00:45]} Qe7 {[%emt 0:03:08]} 30. Rxf6 {[%emt 0:00:21]} Qxf6 {[%emt 0:00:01]} 31. Rg6 {[%emt 0:00:13]} Qf8 {[%emt 0:00:01]} 32. Nf3 {[%emt 0:00:51]} Re8 {[%emt 0:01:02]} 33. Ng5 {[%emt 0:00:32]} Bc8 {[%emt 0:05:34]} 34. Bxc8 {[%emt 0:00:30]} Bxf4 {[%emt 0:00:05]} 35. exf4 {[%emt 0:00:38]} Qxf4+ {[%emt 0:00:08]} 36. Nf3 {[%emt 0:00:21]} Qe3+ {[%emt 0:00:41]} 37. Kg3 {[%emt 0:00:50]} Rf8 {[%emt 0:00:35]} 38. Bf5 {[%emt 0:00:20]} Rb8 {[%emt 0:00:40]} 39. Qg4 {[%emt 0:00:33]} Rb2 {[%emt 0:00:31]} 40. Rxg7 {[%emt 0:00:00]} Qf2+ {[%emt 0:00:00]} 41. Kf4 {[%emt 0:01:08]} 1-0

[Event "IIFL Wealth  4th Mumbai Junior U-13"]
[Site "Mumbai"]
[Date "2019.01.03"]
[Round "5"]
[White "Adireddy Arjun"]
[Black "Garv Rai"]
[Result "0-1"]
[WhiteElo "1468"]
[BlackElo "1772"]
[Annotator "NA"]
[PlyCount "114"]
[EventDate "2018.12.30"]
[EventType "swiss"]
[EventCountry "IND"]
[SourceTitle "playchess.com"]
[Source "ChessBase"]
[SourceQuality "1"]
[TimeControl "40/5400+30:1800+30"]

1. e4 {[%emt 0:00:00]} d6 {[%emt 0:00:00]} 2. d4 {[%emt 0:00:00]} Nf6 {[%emt 0:00:00]} 3. Nc3 {[%emt 0:00:00]} Nbd7 {[%emt 0:00:00]} 4. Nf3 {[%emt 0:00:05]} e5 {[%emt 0:00:00]} 5. dxe5 {[%emt 0:09:22]} dxe5 {[%emt 0:01:29]} 6. Bc4 {[%emt 0:00:16]} Bb4 {[%emt 0:01:49]} 7. O-O {[%emt 0:05:28]} c6 {[%emt 0:02:27]} 8. Qd3 {[%emt 0:04:07]} O-O {[%emt 0:01:44]} 9. Bg5 {[%emt 0:02:06]} Qc7 {[%emt 0:03:48]} 10. Ne2 {[%emt 0:03:11]} Nc5 {[%emt 0:14:03]} 11. Qe3 {[%emt 0:00:12]} Ng4 {[%emt 0:00:54]} 12. Qc1 {[%emt 0:00:53]} Nxe4 {[%emt 0:05:15]} 13. h3 {[%emt 0:06:07]} Ngf6 {[%emt 0:02:04]} 14. Ng3 {[%emt 0:06:18]} Nxg5 {[%emt 0:26:22]} 15. Qxg5 {[%emt 0:01:56]} e4 {[%emt 0:02:20]} 16. Nh4 {[%emt 0:01:11]} h6 {[%emt 0:02:42]} 17. Qg6 {[%emt 0:00:25]} Kh8 {[%emt 0:02:26]} 18. Bxf7 {[%emt 0:04:46]} Qxf7 {[%emt 0:01:08]} 19. Qxf7 {[%emt 0:00:09]} Rxf7 {[%emt 0:00:04]} 20. Ng6+ {[%emt 0:00:09]} Kh7 {[%emt 0:00:40]} 21. Ne5 {[%emt 0:00:07]} Re7 {[%emt 0:00:19]} 22. Nc4 {[%emt 0:00:22]} Be6 {[%emt 0:00:29]} 23. Ne3 {[%emt 0:00:07]} Rd8 {[%emt 0:00:21]} 24. c3 {[%emt 0:00:11]} Bc5 {[%emt 0:00:14]} 25. Rad1 {[%emt 0:00:05]} Rxd1 {[%emt 0:00:15]} 26. Rxd1 {[%emt 0:00:07]} Bxe3 {[%emt 0:00:02]} 27. fxe3 {[%emt 0:00:08]} Rd7 {[%emt 0:00:08]} 28. Rxd7 {[%emt 0:00:12]} Bxd7 {[%emt 0:00:14]} 29. c4 {[%emt 0:00:05]} c5 {[%emt 0:00:06]} 30. b3 {[%emt 0:00:07]} g5 {[%emt 0:00:29]} 31. Ne2 {[%emt 0:00:10]} Kg6 {[%emt 0:00:19]} 32. Nc3 {[%emt 0:00:05]} Kf5 {[%emt 0:00:10]} 33. Kf2 {[%emt 0:00:08]} Ke5 {[%emt 0:00:02]} 34. a3 {[%emt 0:00:29]} Bc6 {[%emt 0:00:53]} 35. a4 {[%emt 0:00:19]} Ne8 {[%emt 0:00:20]} 36. Nd1 {[%emt 0:00:12]} b6 {[%emt 0:00:14]} 37. Nc3 {[%emt 0:00:06]} a6 {[%emt 0:00:05]} 38. Ke2 {[%emt 0:00:18]} Nc7 {[%emt 0:00:39]} 39. Kf2 {[%emt 0:02:16]} b5 {[%emt 0:01:52]} 40. cxb5 {[%emt 0:00:00]} axb5 {[%emt 0:00:00]} 41. a5 {[%emt 0:00:32]} b4 {[%emt 0:00:48]} 42. Ne2 {[%emt 0:00:04]} Bd5 {[%emt 0:00:03]} 43. Nc1 {[%emt 0:00:07]} c4 {[%emt 0:00:30]} 44. bxc4 {[%emt 0:00:08]} Bxc4 {[%emt 0:00:02]} 45. Ne2 {[%emt 0:00:08]} Bxe2 {[%emt 0:00:19]} 46. Kxe2 {[%emt 0:00:49]} Kd5 {[%emt 0:00:34]} 47. Kd2 {[%emt 0:00:07]} Kc4 {[%emt 0:00:01]} 48. Kc2 {[%emt 0:00:07]} b3+ {[%emt 0:00:02]} 49. Kb2 {[%emt 0:00:08]} Kb4 {[%emt 0:00:01]} 50. Kb1 {[%emt 0:00:07]} Kxa5 {[%emt 0:00:04]} 51. Ka1 {[%emt 0:00:07]} Kb4 {[%emt 0:00:01]} 52. Kb2 {[%emt 0:00:09]} Nb5 {[%emt 0:00:04]} 53. Kb1 {[%emt 0:00:06]} Kc3 {[%emt 0:00:08]} 54. Kc1 {[%emt 0:00:06]} b2+ {[%emt 0:00:02]} 55. Kb1 {[%emt 0:00:07]} Na3+ {[%emt 0:00:08]} 56. Ka2 {[%emt 0:00:05]} b1=Q+ {[%emt 0:00:03]} 57. Kxa3 {[%emt 0:00:06]} Qb3# {[%emt 0:00:02]} 0-1

[Event "IIFL Wealth  4th Mumbai Junior U-13"]
[Site "Mumbai"]
[Date "2019.01.03"]
[Round "5"]
[White "Shrey Nilkant"]
[Black "Dhrithi Murgod"]
[Result "0-1"]
[WhiteElo "1466"]
[BlackElo "1177"]
[Annotator "NA RC"]
[PlyCount "82"]
[EventDate "2018.12.30"]
[EventType "swiss"]
[EventCountry "IND"]
[SourceTitle "playchess.com"]
[Source "ChessBase"]
[SourceQuality "1"]
[TimeControl "40/5400+30:1800+30"]

1. e4 {[%emt 0:00:00]} c6 {[%emt 0:00:59]} 2. d4 {[%emt 0:00:00]} d5 {[%emt 0:01:12]} 3. f3 {[%emt 0:00:21]} e6 {[%emt 0:01:44]} 4. Nc3 {[%emt 0:00:42]} Bb4 {[%emt 0:06:00]} 5. Qd3 {[%emt 0:02:19]} h6 {[%emt 0:07:57]} 6. Nge2 {[%emt 0:02:20]} Nd7 {[%emt 0:05:20]} 7. Bf4 {[%emt 0:01:17]} Ne7 {[%emt 0:03:17]} 8. O-O-O {[%emt 0:01:40]} Ba5 {[%emt 0:03:22]} 9. Kb1 {[%emt 0:06:16]} Bc7 {[%emt 0:02:36]} 10. Bxc7 {[%emt 0:02:59]} Qxc7 {[%emt 0:00:35]} 11. e5 {[%emt 0:01:08]} Nb6 {[%emt 0:05:52]} 12. g4 {[%emt 0:36:04]} Nc4 {[%emt 0:12:44]} 13. Ng3 {[%emt 0:18:01]} Ng6 {[%emt 0:06:32]} 14. Nh5 {[%emt 0:05:51]} Rg8 {[%emt 0:01:11]} 15. f4 {[%emt 0:03:16]} Nf8 {[%emt 0:06:16]} 16. Qf3 {[%emt 0:02:59]} Nb6 {[%emt 0:01:27]} 17. f5 {[%emt 0:01:51]} Bd7 {[%emt 0:05:42]} 18. f6 {[%emt 0:00:55]} g6 {[%emt 0:00:11]} 19. Ng7+ {[%emt 0:00:13]} Kd8 {[%emt 0:00:19]} 20. Bd3 {[%emt 0:03:56]} c5 {[%emt 0:02:28]} 21. Bb5 {[%emt 0:04:02]} Rc8 {[%emt 0:02:05]} 22. Qe2 {[%emt 0:02:02]} a6 {[%emt 0:01:45]} 23. Bxd7 {[%emt 0:00:17]} Nbxd7 {[%emt 0:00:26]} 24. Qd2 {[%emt 0:00:21]} cxd4 {[%emt 0:00:23]} 25. Qxd4 {[%emt 0:00:10]} Qxe5 {[%emt 0:01:09]} 26. Qxe5 {[%emt 0:01:14]} Nxe5 {[%emt 0:00:11]} 27. Ne4 {[%emt 0:00:23]} Nxg4 {[%emt 0:03:26]} 28. Nd6 {[%emt 0:00:19]} Rc7 {[%emt 0:00:12]} 29. c4 {[%emt 0:00:32]} Nf2 {[%emt 0:00:40]} 30. cxd5 {[%emt 0:00:30]} Nxd1 {[%emt 0:00:56]} 31. Rxd1 {[%emt 0:00:09]} Rd7 {[%emt 0:02:14]} 32. Nxf7+ {[%emt 0:01:35]} Kc8 {[%emt 0:00:35]} 33. Nxh6 {[%emt 0:01:59]} Rh8 {[%emt 0:00:07]} 34. Nf7 {[%emt 0:00:08]} Rxf7 {[%emt 0:00:23]} 35. Ne8 {[%emt 0:00:31]} Kd7 {[%emt 0:01:36]} 36. dxe6+ {[%emt 0:00:55]} Kxe6 {[%emt 0:00:05]} 37. Re1+ {[%emt 0:00:27]} Kd7 {[%emt 0:00:27]} 38. a3 {[%emt 0:00:35]} Ne6 {[%emt 0:00:42]} 39. Rc1 {[%emt 0:00:31]} Rxe8 {[%emt 0:00:21]} 40. Rd1+ {[%emt 0:00:00]} Kc7 {[%emt 0:00:00]} 41. Rc1+ {[%emt 0:00:47]} Kb8 {[%emt 0:00:23]} 0-1

[Event "IIFL Wealth  4th Mumbai Junior U-13"]
[Site "Mumbai"]
[Date "2019.01.03"]
[Round "5"]
[White "Singh, Arjun Kumar"]
[Black "Akshit Jha"]
[Result "1-0"]
[WhiteElo "1461"]
[BlackElo "1604"]
[Annotator "NA"]
[PlyCount "83"]
[EventDate "2018.12.30"]
[EventType "swiss"]
[EventCountry "IND"]
[SourceTitle "playchess.com"]
[Source "ChessBase"]
[SourceQuality "1"]
[TimeControl "40/5400+30:1800+30"]

1. Nf3 {[%emt 0:00:45]} d5 {[%emt 0:00:00]} 2. g3 {[%emt 0:00:08]} Nf6 {[%emt 0:00:00]} 3. Bg2 {[%emt 0:00:45]} Bf5 {[%emt 0:00:40]} 4. O-O {[%emt 0:01:39]} e6 {[%emt 0:00:08]} 5. d3 {[%emt 0:00:36]} Bd6 {[%emt 0:00:16]} 6. Nbd2 {[%emt 0:05:11]} O-O {[%emt 0:01:53]} 7. Nh4 {[%emt 0:00:30]} Bg4 {[%emt 0:00:34]} 8. Nhf3 {[%emt 0:02:35]} Nc6 {[%emt 0:08:02]} 9. c4 {[%emt 0:02:52]} Ne7 {[%emt 0:06:33]} 10. a3 {[%emt 0:00:58]} a5 {[%emt 0:00:52]} 11. Rb1 {[%emt 0:05:17]} a4 {[%emt 0:03:02]} 12. b4 {[%emt 0:02:02]} axb3 {[%emt 0:00:43]} 13. Qxb3 {[%emt 0:00:16]} b6 {[%emt 0:00:55]} 14. Bb2 {[%emt 0:03:14]} Nd7 {[%emt 0:02:42]} 15. cxd5 {[%emt 0:01:41]} exd5 {[%emt 0:01:18]} 16. e4 {[%emt 0:01:03]} f6 {[%emt 0:23:42]} 17. exd5 {[%emt 0:04:08]} Nc5 {[%emt 0:00:55]} 18. Qc2 {[%emt 0:00:14]} Bf5 {[%emt 0:09:44]} 19. Ne4 {[%emt 0:03:10]} Nxd5 {[%emt 0:05:52]} 20. Nd4 {[%emt 0:01:53]} Be6 {[%emt 0:10:09]} 21. Nxc5 {[%emt 0:00:16]} Bf7 {[%emt 0:01:52]} 22. Nce6 {[%emt 0:00:49]} Qe7 {[%emt 0:00:05]} 23. Bxd5 {[%emt 0:00:15]} Ra5 {[%emt 0:00:03]} 24. Nc6 {[%emt 0:00:52]} Qe8 {[%emt 0:00:19]} 25. Nxa5 {[%emt 0:00:13]} Bxe6 {[%emt 0:00:04]} 26. Bxe6+ {[%emt 0:00:05]} Qxe6 {[%emt 0:00:04]} 27. Qc4 {[%emt 0:00:07]} Qxc4 {[%emt 0:00:10]} 28. Nxc4 {[%emt 0:00:05]} Re8 {[%emt 0:00:05]} 29. Nxd6 {[%emt 0:00:02]} cxd6 {[%emt 0:00:06]} 30. Rfe1 {[%emt 0:00:06]} Rc8 {[%emt 0:00:04]} 31. Rbc1 {[%emt 0:00:04]} Rd8 {[%emt 0:00:04]} 32. Rc7 {[%emt 0:00:07]} d5 {[%emt 0:00:06]} 33. Ree7 {[%emt 0:00:04]} d4 {[%emt 0:00:04]} 34. Rxg7+ {[%emt 0:00:05]} Kh8 {[%emt 0:00:03]} 35. Rxh7+ {[%emt 0:00:10]} Kg8 {[%emt 0:00:03]} 36. Rcg7+ {[%emt 0:00:06]} Kf8 {[%emt 0:00:04]} 37. h4 {[%emt 0:00:21]} Re8 {[%emt 0:00:06]} 38. h5 {[%emt 0:00:03]} Re1+ {[%emt 0:00:07]} 39. Kg2 {[%emt 0:00:05]} f5 {[%emt 0:00:08]} 40. h6 {[%emt 0:00:00]} Rg1+ {[%emt 0:00:00]} 41. Kxg1 {[%emt 0:00:13]} f4 {[%emt 0:00:09]} 42. Rh8# 1-0